000 00366nam a2200157Ia 4500
003 OSt
008 191201s2011 xx 000 0 und d
082 _a658.22
_bMUM
100 _aMULLINS, Laurie J
245 0 _aManagement and Organisational Behaviour
250 _aIMP
260 _aNew Delhi
_bPearson
_c2011
300 _a1095
650 _aMBA
942 _2ddc
_cBK
999 _c4174
_d4174